H S V Kavya charana (Record no. 152633)
[ view plain ]
| 000 -LEADER | |
|---|---|
| fixed length control field | 00796nam a2200229Ia 4500 |
| 003 - CONTROL NUMBER IDENTIFIER | |
| control field | OSt |
| 005 - DATE AND TIME OF LATEST TRANSACTION | |
| control field | 20250211163755.0 |
| 008 - FIXED-LENGTH DATA ELEMENTS--GENERAL INFORMATION | |
| fixed length control field | 210210b2013 xxu||||| |||| 00| 0 eng d |
| 020 ## - INTERNATIONAL STANDARD BOOK NUMBER | |
| International Standard Book Number | 9788128020995 |
| 040 ## - CATALOGING SOURCE | |
| Transcribing agency | AL |
| 041 ## - LANGUAGE CODE | |
| Language code of text/sound track or separate title | Kannada |
| 082 ## - DEWEY DECIMAL CLASSIFICATION NUMBER | |
| Classification number | K894.109 RAGE |
| 100 ## - MAIN ENTRY--PERSONAL NAME | |
| Personal name | RAGHAVENDRA PATILA Ed |
| Dates associated with a name | ರಾಘವೇಂದ್ರ ಪಾಟೀಲ |
| 9 (RLIN) | 199211 |
| 245 ## - TITLE STATEMENT | |
| Title | H S V Kavya charana |
| Remainder of title | ಹೆಚ್ ಎಸ್ ವಿ ಕಾವ್ಯ ಚಾರಣ |
| 260 ## - PUBLICATION, DISTRIBUTION, ETC. | |
| Place of publication, distribution, etc. | BengaLUru |
| Name of publisher, distributor, etc. | Sapna Buk Haus |
| Date of publication, distribution, etc. | 2013 |
| 300 ## - PHYSICAL DESCRIPTION | |
| Extent | xv,424 |
| 650 ## - SUBJECT ADDED ENTRY--TOPICAL TERM | |
| Topical term or geographic name entry element | ಎಚೆಸ್ವಿ ಕಾವ್ಯ ಕುರಿತ ವಿಮರ್ಶಾ ಸಂಪುಟ |
| 9 (RLIN) | 199212 |
| 650 ## - SUBJECT ADDED ENTRY--TOPICAL TERM | |
| Topical term or geographic name entry element | Echchesvi kavya kurita vimarsha samputa |
| 9 (RLIN) | 199213 |
| 690 ## - LOCAL SUBJECT ADDED ENTRY--TOPICAL TERM (OCLC, RLIN) | |
| Topical term or geographic name as entry element | Kannada Poetry Criticism |
| 9 (RLIN) | 199214 |
| 906 ## - LOCAL DATA ELEMENT F, LDF (RLIN) | |
| a | 068325 |
| 942 ## - ADDED ENTRY ELEMENTS (KOHA) | |
| Source of classification or shelving scheme | Dewey Decimal Classification |
| Koha item type | Book |
| Withdrawn status | Lost status | Source of classification or shelving scheme | Damaged status | Not for loan | Collection code | Home library | Current library | Date acquired | Source of acquisition | Cost, normal purchase price | Total Checkouts | Full call number | Barcode | Date last seen | Price effective from | Koha item type |
|---|---|---|---|---|---|---|---|---|---|---|---|---|---|---|---|---|
| Dewey Decimal Classification | Kannada | St Aloysius Library | St Aloysius Library | 02/17/2021 | Navakarnataka Publication Pvt Ltd Mangalore | 270.00 | K894.109 RAGE | 068325 | 02/17/2021 | 02/17/2021 | Book |